BIBLIOTECA

SENCICO

Comportamiento estructural de muros de albañilería de arcilla cocida tipo PREVI (graf.) (Registro nro. 3485)

Detalles MARC
000 -LEADER
fixed length control field 00481nam a2200193Ia 4500
005 - DATE AND TIME OF LATEST TRANSACTION
control field 20251020182615.0
008 - FIXED-LENGTH DATA ELEMENTS--GENERAL INFORMATION
fixed length control field 200515s9999 xx 000 0 und d
082 ## - DEWEY DECIMAL CLASSIFICATION NUMBER
Classification number SC/693.1:58-G/I59
110 ## - MAIN ENTRY--CORPORATE NAME
Corporate name or jurisdiction name as entry element Previ
245 #0 - TITLE STATEMENT
Title Comportamiento estructural de muros de albañilería de arcilla cocida tipo PREVI (graf.)
260 ## - PUBLICATION, DISTRIBUTION, ETC.
Place of publication, distribution, etc. Lima
260 ## - PUBLICATION, DISTRIBUTION, ETC.
Date of publication, distribution, etc. 1978
300 ## - PHYSICAL DESCRIPTION
Extent 86
650 ## - SUBJECT ADDED ENTRY--TOPICAL TERM
Topical term or geographic name entry element ALBAÑILERIA
650 ## - SUBJECT ADDED ENTRY--TOPICAL TERM
Topical term or geographic name entry element ARCILLA
650 ## - SUBJECT ADDED ENTRY--TOPICAL TERM
Topical term or geographic name entry element ESTRUCTURAS
650 ## - SUBJECT ADDED ENTRY--TOPICAL TERM
Topical term or geographic name entry element MUROS
942 ## - ADDED ENTRY ELEMENTS (KOHA)
Koha item type Libros
Existencias
Fecha de la última vez que lo usaron Pago total Signatura topográfica completa Código de barras Precio efectivo desde Tipo de documento Estado perdido Estado dañado No es para préstamo Retirado Ubicación permanente Ubicación actual Fecha de adquisición
15/05/2020   SC/693.1:58-G/I59 Bib-Lima15053485 15/05/2020 Libros         Biblioteca Central Lima Biblioteca Central Lima 15/05/2020